000 00575nam a2200181 i 4500
001 39982
003 ES-MaACL
005 20230906160120.0
007 t|
008 030304s1968 sp ||||1| spa d
100 1 _aCarrové i Viola, Domènec (
_d1896-1969)
_935853
245 1 0 _aJaume d'Urgell, el dissortat /
_cDoménec Carrové i Viola.
260 _aBarcelona :
_b[s.n.,
_c1968] (
_fGráf. Romeu)
300 _a185 p. :
_bil. ;
_c25 cm.
600 0 4 _aJaime
_bII
_cConde de Urgel.
_965935
651 4 _aUrgell-
_xHistoria.
_9161181
852 _aES-MaACL
_jC-45536
_bR.68370
999 _c39982
_d39982